| 000 | 00817nam a2200241 u 4500 | ||
|---|---|---|---|
| 005 | 20250905064005.0 | ||
| 008 | 180925s2017 mx r 000 0 spa d | ||
| 020 | _a9786078410835 (UNICACH) | ||
| 020 | _a9786075241425 (M. A. Porrúa) | ||
| 035 | _aUPN01000226854 | ||
| 049 | _aCG | ||
| 050 | 4 |
_aHQ1381 _bM8.3 |
|
| 245 | 0 | 0 |
_aMujeres ante la crisis económica global : _bempoderamiento y precariedad / _ccoord. Flor Marina Bermúdez Urbina. |
| 260 |
_aMéxico : _bM. A. Porrúa : _bUNICACH, _c2017. |
||
| 300 |
_a181 p. : _bgráfs., cuadros, mapas |
||
| 440 | 0 | _aEstudios de género | |
| 650 | 4 |
_aMUJERES - _xCONDICIONES ECONOMICAS _98953 |
|
| 650 | 4 |
_aMujeres _xEmpleo _99082 |
|
| 650 | 0 |
_aEconomía feminista _916792 |
|
| 700 | 1 |
_aBermúdez Urbina, Flor Marina, _ecoord. |
|
| 905 | _aLibro | ||
| 999 |
_c198950 _d198950 |
||